| 000 | 01217nam a22003495a 4500 | ||
|---|---|---|---|
| 001 | 57939 | ||
| 003 | CO-BoRNBP | ||
| 005 | 20250813164057.0 | ||
| 007 | ta | ||
| 008 | 220802s2019 sp a br 000 j spa d | ||
| 020 | _a9788417497545 | ||
| 040 |
_aCO-BoBLA _bspa _cCO-BoBLA _erda |
||
| 041 | 1 |
_aspa _hfra |
|
| 043 | _ae-uk-en--- | ||
| 082 | 0 | 4 |
_aI823.92 _bJ65t _221 ed |
| 100 | 1 |
_aJones, Richard. _962100 |
|
| 245 | 1 | 0 |
_aTristán, el perrito solitario / _ctexto e ilustraciones de Richard Jones ; traducción Anna Llisterri. |
| 250 | _a1a. edición | ||
| 264 | 4 |
_aValencia, España : _bAndana Editorial, _c2019. |
|
| 300 |
_a[32] páginas : _bilustraciones a color ; _c25 cm. |
||
| 336 |
_atexto _btxt [ _2rdacontent] |
||
| 337 |
_asin mediación _bn [ _2rdamedia] |
||
| 338 |
_avolumen _bnc [ _2rdacarrier] |
||
| 534 | _tPerdu. | ||
| 650 | 7 |
_aCuentos infantiles ingleses. _2BLAAUTO _915884 |
|
| 650 | 7 |
_aAdopción de perros _v Cuentos infantiles. _2BLAAUTO _962101 |
|
| 650 | 7 |
_aObjetos perdidos _v Cuentos infantiles. _2BLAAUTO _962102 |
|
| 650 | 7 |
_aSoledad _v Cuentos infantiles. _2BLAAUTO _962103 |
|
| 700 | 1 |
_aLlisterri, Anna, _d1969- _etraducción. _962104 |
|
| 942 |
_2ddc _cBK |
||
| 949 |
_an _bn |
||
| 999 |
_c57939 _d57939 |
||